000 01431nam a22002537a 4500
003 OSt
005 20230127105021.0
008 221006b |||||||| |||| 00| 0 eng d
020 _a958 84 89771 58 1
040 _cBiblioteca Lado V
082 _a709
_bS749n
100 _eautor
_9676
_aSpero, Nancy
245 _aNancy Spero. Disidanzas/
260 _bMuseo Nacional Centro de Arte Reina Sofia
_aEspaña
_c2008
300 _a194p.
_c24x30cm
505 _tPresentacion
_tLibro de Lenguas
_tLas otras tradiciones de Spero
_tNancy Spero
_tDisidanzas de Spero
_tLista de obras en la exposición
_tBiografía y Bibliografía
520 _a«Yo sentía que quería hacer un arte subversivo. Y que no quería hacer nada importante, quería hacer manifiestos.» Quizá ello explica que Nancy Spero, quien comenzó pintando lienzos a la manera del pintor tradicional, se concentrara pronto en crear un lenguaje pictórico específicamente femenino. Su obra se decanta por la fragilidad del papel y se organiza en torno a un léxico de figuras reales y mitológicas que desenmascaran estereotipos.
650 _2Tesauro de Arte & Arquitectura
_aARTE
650 _2Tesauro de Arte & Arquitectura
_aCATALOGO
650 _2Tesauro de Arte & Arquitectura
_aEXHIBICION
650 _2Tesauro de Arte & Arquitectura
_aNANCY SPERO
650 _2Tesauro de Arte & Arquitectura
_aPINTURA
942 _2ddc
_c1
_h709
_iS749n
_n0
999 _c2959
_d2959